00967nam a2200229 a 450000100060000000300080000600500170001400800410003103500190007204000350009104100080012608200250013410000220015924502010018126000940038230000390047650200840051550400320059965000210063170000480065270000370070084096BD-RjUL20241009102639.0241009s2020 bg a|||| m||| 00| 0 eng d a(BD-RjUL)84096 aBD-RjULbengcBD-RjULdBD-RjUL aeng 223a332.12bMOS 2020 aMoulic, Raj Kumar10aSmall and Medium Enterprises Financing by the Commercial Banks in Bangladesh : bAn Evaluation /cBy Raj Kumar Moulic ;6Principal Supervisor : Subhash Chandra Sil, Co-Supervisor : Madan Mohan Dey aRajshahi :bDepartment of Fisheries Faculty of Agriculture, University of Rajshahi,c2020 axxiv, 315 Leaves :bill, ;c29 cm. aDepartment of Accouniting and Information Systems, University of Rajshahi, 2020 aReferences : Leaves 265-294 aCommercial Banks aSil, Subhash Chandra, Principal Supervisor  aDey, Madan Mohan, Co-Supervisor